00350nam a2200133Ia 4500003000400000005001700004008004100021040000900062082001800071100001500089245006000104260004300164300000900207OSt20201211114159.0190216s9999||||xx |||||||||||||| ||und|| coclc a371.37bPUB/C aPublishers 0aCurrent Events Guide To Group Discussions /cPublishers bThe English Language Books,aDehradun: a181p